Les écuries de Formule 1 lors du championnat du monde 1990 - Statistiques

Statistiques générales
  • Ce quiz a été pris 75 fois
  • Le résultat moyen est 8 sur 20
Statistiques - réponses
Pilotes Écuries % Correct
Alain Prost Nigel Mansell Ferrari
95%
Ayrton Senna Gerhard Berger McLaren
92%
Thierry Boutsen Riccardo Patrese Williams
85%
Alessandro Nannini Roberto Moreno Nelson Piquet Benetton
73%
Derek Warwick Martin Donnelly Johnny Herbert Lotus
62%
David Brabham Gregor Foitek Stefano Modena Brabham
48%
Satoru Nakajima Jean Alesi Tyrrell
45%
Pierluigi Martini Paolo Barilla Gianni Morbidelli Minardi
42%
Nicola Larini Philippe Alliot Ligier
40%
Michele Alboreto Alex Caffi Bernd Schneider Arrows
27%
Gabriele Tarquini Yannick Dalmas AGS
25%
Éric Bernard Aguri Suzuki Lola
25%
Mauricio Gugelmin Ivan Capelli Leyton House
22%
Stefan Johansson Gregor Foitek Jyrki Järvilehto Onyx
22%
Bertrand Gachot Coloni
18%
Claudio Langes Life
18%
Bruno Giacomelli Gary Brabham Life
18%
Roberto Moreno Eurobrun
17%
Olivier Grouillard Osella
17%
Emanuele Pirro Gianni Morbidelli Andrea de Cesaris Dallara
15%
Aucun quiz correspondant
Distribution des résultats
% des personnes avec chaque résultat
Percentile par nombre de réponses
Votre historique - résultats
Vous n’avez pas pris ce quiz